00864cam a2200241 a 4500001001300000003000400013005001700017008004100034010001700075040001300092041001300105050002400118130003200142245008100174260004100255300001900296440004800315440006300363500006700426504005300493700005900546999001700605sa 66000485 DLC20260227112215.0830202r19651890ii b 001 0 eng  asa 66000485  aDLCcDLC1 aenghpli00aBQ2612.E5bD38 19650 aMilindapañhā.lEnglish.14aThe Questions of King Milinda /ctranslated from Pāli by T.W. Rhys Davids. aDelhi :bMotilal Banarsidass,c1965. a2 v. ;c23 cm. 0aSacred books of the East series ;vv. 35-36 0aUNESCO collection of representative works.pIndian series. aReprint. Originally published: Oxford : Clarendon Press, 1890. aIncludes bibliographical references and indexes.1 aDavids, T. W. Rhysq(Thomas William Rhys),d1843-1922. c67277d67277